Information rules : a strategic guide to the network economy.
| Main Author: | |
|---|---|
| Other Authors: | |
| Format: | Book |
| Published: |
Massachusetts:
Harvard Business School,
1999.
|
| Subjects: |
| LEADER | 00505cam a2200157 7i4500 | ||
|---|---|---|---|
| 001 | 0000007829 | ||
| 005 | 20000726090000.0 | ||
| 090 | 0 | 0 | |a B 658.4038 |b SHA |
| 100 | 1 | 0 | |a Shapiro |
| 245 | 1 | 0 | |a Information rules : |b a strategic guide to the network economy. |
| 260 | 0 | 0 | |a Massachusetts: |b Harvard Business School, |c 1999. |
| 300 | # | # | |a 352 p. |
| 650 | 0 | 0 | |a Information technology -- |x Economic aspects |
| 650 | 0 | 0 | |a Information society |
| 700 | 1 | 1 | |a Varian, |h Hal R |
| 999 | |a B000011064 |b Book |c Book |e Business Information Centre | ||